Introduction to electronics / (Record no. 8431)
[ view plain ]
| 000 -LEADER | |
|---|---|
| fixed length control field | 00670pam a2200253 a 4500 |
| 001 - CONTROL NUMBER | |
| JCCL Control Number | 8431 |
| 003 - CONTROL NUMBER IDENTIFIER | |
| JCCL marc code | BD-JhCC |
| 005 - DATE AND TIME OF LATEST TRANSACTION | |
| control field | 20200219134008.0 |
| 008 - FIXED-LENGTH DATA ELEMENTS--GENERAL INFORMATION | |
| fixed length control field | 820426s1983 maua 001 0 eng |
| 020 ## - INTERNATIONAL STANDARD BOOK NUMBER | |
| International Standard Book Number | 0534012434 |
| 035 ## - SYSTEM CONTROL NUMBER | |
| system control number | (BD-JhCC)8431 |
| 040 ## - CATALOGING SOURCE | |
| Original cataloging agency | DLC |
| Transcribing agency | DLC |
| Modifying agency | DLC |
| 041 ## - LANGUAGE CODE | |
| Language code of Book | eng |
| 050 00 - LIBRARY OF CONGRESS CALL NUMBER | |
| Classification number | TK7816 |
| Item number | .C74 1983 |
| 082 00 - DEWEY DECIMAL CLASSIFICATION NUMBER | |
| Classification number | 621.381 |
| DDC Edition number | 19 |
| Author mark and Year | CRO 1983 |
| 100 1# - MAIN ENTRY--PERSONAL NAME | |
| Personal name | Crozier, Patrick, |
| Dates associated with a name | 1934- |
| 245 10 - TITLE STATEMENT | |
| Title | Introduction to electronics / |
| Statement of responsibility, etc | Patrick Crozier. |
| 260 ## - PUBLICATION, DISTRIBUTION, ETC. (IMPRINT) | |
| Place of publication, distribution, etc | North Scituate, Mass. : |
| Name of publisher, distributor, etc | Breton, |
| Date of publication, distribution, etc | c1983. |
| 300 ## - PHYSICAL DESCRIPTION | |
| Pagination | xii, 484 p. ; |
| Other physical details | ill. ; |
| Dimensions | 25 cm. |
| 500 ## - GENERAL NOTE | |
| General note | Includes index. |
| 650 #0 - SUBJECT ADDED ENTRY--TOPICAL TERM | |
| Topical term or geographic name as entry element | Electronics. |
| 942 ## - ADDED ENTRY ELEMENTS (KOHA) | |
| Source of classification or shelving scheme | Dewey Decimal Classification |
| Koha item type | Books |
| Koha issues (borrowed), all copies | 2 |
| Source of classification or shelving scheme | Damaged status | Not for loan | Home library | Current library | Shelving location | Date of accession | Source of acquisition | Total Checkouts | Full call number | Barcode | Date last seen | Date checked out | Copy number | Koha item type |
|---|---|---|---|---|---|---|---|---|---|---|---|---|---|---|
| Dewey Decimal Classification | JCC Rouf Library | JCC Rouf Library | General Stacks | 02/24/2018 | The Asia Foundation | 3 | 621.381 CRO 1983 | 10902 | 07/29/2024 | 06/06/2024 | C - 1 | Books |